| 000 | 01603nam a2200349 c 4500 | ||
|---|---|---|---|
| 999 |
_c207343 _d207343 |
||
| 003 | BLK | ||
| 005 | 20241109121032.0 | ||
| 008 | 180411b bul|||||r ||||||| ||bul|| | ||
| 010 | _aKNG00217105000 | ||
| 040 | _aBLK | ||
| 041 |
_aBUL _cBUL |
||
| 080 |
_aРуска литература _b821.161.1 _x-31 _z821.161.1-31 |
||
| 100 |
_aТолстой, Алексей Николаевич _d1882 - 1945 _gРуски писател. _9373647 |
||
| 139 |
_aТолстой, Алексей Николаевич _bТ 67 |
||
| 245 | 1 | 0 |
_aХодене по мъките _bТрилогия: Сестри, Седемнадесет години, Навъсено утро : Романи _cАлексей Николаевич Толстой; прев. от рус. Спас Георгиев Капелков; съавт. Катя Койчева; с предг. от Иван Цветков. |
| 250 | _a3. изд. | ||
| 257 | _aSUN | ||
| 260 |
_aСофия _bНар. култура _c1978 |
||
| 300 |
_a1008 с. _c21 см |
||
| 380 | _aX | ||
| 490 |
_aБиблиотека Световна класика _9201621 |
||
| 700 | 1 |
_aКапелков, Спас Георгиев _eпрев. от рус. _9378997 |
|
| 700 | 1 |
_aКойчева, Катя _eсъавт. _9367914 |
|
| 700 | 1 |
_aЦветков, Иван _eс предг. от _9364088 |
|
| 852 | _aЦб 91600 | ||
| 856 | 4 |
_qpdf _i0.00 _ldisable |
|
| 856 | 4 |
_qpdf _i0.00 _ldisable |
|
| 942 |
_cKNG _n0 _s1 |
||
| 944 |
_aCR _c09.03.2018 _k30560 _lГеновева Генчева |
||
| 944 |
_aED _c09.03.2018 _kТеодора_Стоянова |
||
| 999 | _d207343 | ||